Final injunctions (Record no. 75596)

MARC details
000 -LEADER
fixed length control field 01394cab a2200181 4500
001 - CONTROL NUMBER
control field L130394
008 - FIXED-LENGTH DATA ELEMENTS--GENERAL INFORMATION
fixed length control field 050725n2005 000 0 eng u
035 ## - SYSTEM CONTROL NUMBER
System control number (Sirsi) u130394
041 ## - LANGUAGE CODE
Language code of text/sound track or separate title eng
100 ## - MAIN ENTRY--PERSONAL NAME
Personal name Warwick, Mark
245 ## - TITLE STATEMENT
Title Final injunctions
260 ## - PUBLICATION, DISTRIBUTION, ETC.
Date of publication, distribution, etc. 2005
490 ## - SERIES STATEMENT
Series statement Solicitors' Journal
Volume/sequential designation (824) (2) 8 July 2005, 823-824(2)
520 ## - SUMMARY, ETC.
Summary, etc. Looks at the court's approach to the grant of final injunctions by examining three cases. "Jaggard v Sawyer" ([1995] 13 EG 132-140, Abs52507) and "Mortimer v Bailey " ([2004] EWCA Civ 1514, Abs68661) deal with restrictive covenants and look at the interplay between the presence or absence of an application for interim relief and the grant of a final injunction. These cases show that it is important to win at first instance since an injunction is a discretionary remedy, that it is essential to clearly warn the defaulter that he is going ahead at his own risk if an application is not to be made for interim relief and that the party with the benefit of the covenant is well advised to seek injunctive relief at the earliest opportunity. The third case "British Glass Manufacturers Confederation v the University of Sheffield" ([2003] EWHC Civ 3108) concerns the long lease of commercial premises.
590 ## - LOCAL NOTE (RLIN)
Local note IKA020805
690 ## - LOCAL SUBJECT ADDED ENTRY--TOPICAL TERM (OCLC, RLIN)
Topical term or geographic name as entry element ENVIRONMENTAL AND LAND CONSULTANCY-PLANNING AND DEVELOPMENT-DEVELOPMENT CONTROL
942 ## - ADDED ENTRY ELEMENTS (KOHA)
Suppress in OPAC 0
Holdings
Withdrawn status Lost status Source of classification or shelving scheme Damaged status Not for loan Home library Current library Shelving location Date acquired Total Checkouts Full call number Barcode Date last seen Copy number Price effective from Koha item type
    Dewey Decimal Classification     London London Journal article 25/07/2005   L130394 130394-1001 06/08/2019 1 06/08/2019 Journal article